000 00924nam a2200217 a 4500
001 78916
003 BD-RjUL
005 20211209083205.0
008 211129s2019 l ||||| |||| 00| 0caar d
035 _a(BD-RjUL)
040 _aBD-RjUL
_beng
_cBD-RjUL
041 _aara
082 _223
_a340.59
_bBUF 2019
100 1 _aButi, Mohamad Said Ramadan ;; بوطي، محمد سعيد رمضان
_9250739
245 1 0 _aفقه السيرة النبوية : مع موجز لتاريخ الخلافة الراشدة ;; Fiqh al-sīrah al-Nabawīyah : maʻa mūjaz li-tārīkh al-khilāfah al-Rāshidah /
_c محمد سعيد رمضان البوطي ;; Muḥammad Saʻīd Ramaḍān Būṭī
260 _aBairut ; Lebanon :
_bDar al Fikr Al Muaasiir,
_c2019
300 _a400 p. ;
_c24 cm
600 _aMuḥammad, -- Prophet,
_d632.
_9250742
650 _aIslamic law -- Interpretation and construction.
_9250741
942 _2ddc
_cBK
999 _c78916
_d78916